000 00443nam a2200181Ia 4500
005 20250423100703.0
008 250422s9999 xx 000 0 und d
020 _a0-88730-564-4
050 _aHD9802.3.U64X476
100 _aDavid T. Kearns
245 0 _aProphets in the dark
260 _aNew York
260 _bHarper collins publishers
260 _c1992
300 _a334 p
650 _aXerox corporation management
942 _cBK
999 _c34061
_d34061